000 00728nam a22002417a 4500
008 160208b xxu||||| |||| 00| 0 eng d
020 _a0323052832
110 _aCummings Otolaryngology
245 _aCummings Otolaryngology
_bHealth Neck Surgery
250 _a5th
260 _aChina
_bMOSBY Elsevier
_c2010
300 _axlii, 1011
_bill.
440 _vVol 1
650 _2Otolaryngology, operative
650 _2Otorhinolaryngologic Surgical Procedures
700 _aBruce H. Haughey
700 _aValarie J. Luno
700 _aJohn K. Niparko
700 _aMark A. Richardson
700 _aK. Thomas Robbins
700 _aJ. Reagan Thomas
942 _2lcc
_cBK
_e5th Ed
_hRF 51
_k.086 2010 Vol 1. C.1
999 _c15596
_d15596